000 01456nam a22003977a 4500
003 CHAP
005 20220722120819.0
008 070522d2007 mx r 00110 spa d
010 _a93659
011 _a94631
035 _a105226
040 _cCHAP
090 _aTesis
100 1 _aSerrano Rojero, Cecilia Sugued
_9105245
245 1 0 _aEfecto del extracto de la cáscara de tuna (Opuntia sp) sobre el crecimiento de E. coli y Salmonella typhi
_c/por Cecilia Sugued Serrano Rojero
260 _aChapingo, Méx. :
_bEl autor,
_c2007.
300 _a64 h. :
_bilus.
502 _aTesis (Ing. Agroindustrial) - - UACH. Departamento de Ingeniería Agroindustrial
530 _aTambién disponible en línea
590 _aALEPH
_b10
_c20130110
_lUCH01
_h1518
590 _aBATCH-UPD
_b10
_c20130110
_lUCH01
_h1002
590 _aBATCH-UPD
_b10
_c20140324
_lUCH01
_h1502
590 _aBATCH-UPD
_b10
_c20141002
_lUCH01
_h0834
590 _aCONVERSION
_b10
_c20130109
_lUCH01
_h1352
650 1 4 _aEscherichia coli.
_937480
650 1 4 _aExtractos vegetales.
_939214
650 1 4 _aSalmonella.
_9101764
650 1 4 _aTuna
_xSubproductos.
_9115565
650 1 4 _aTuna
_xVariedades.
_9115568
856 _3Finding aid
_uhttp://10.13.5.2/tesis/105226.pdf
_zTeclea aqui
901 _aBK
905 _aLilia
942 _cFOLL
949 _aTesis
_bBC
_cTES
_d33724002022454
_eTS2
_fc.2
_h46793
_i105226
_si
949 _aTesis
_bBC
_cTES
_d33724002022496
_eTS1
_h46792
_i105226
_sb
999 _c93659
_d93659